Central Library OPAC University of Rajshahi

Protective groups in organic synthesis / (Record no. 78571)

MARC details
000 -LEADER
fixed length control field 00921nam a2200277 a 4500
001 - CONTROL NUMBER
control field 78571
003 - CONTROL NUMBER IDENTIFIER
rucl marc code BD-RjUL
005 - DATE AND TIME OF LATEST TRANSACTION
control field 20211209083138.0
008 - FIXED-LENGTH DATA ELEMENTS--GENERAL INFORMATION
fixed length control field 211010s1991 nyua b 001 0 eng d
020 ## - INTERNATIONAL STANDARD BOOK NUMBER
International Standard Book Number 0471623016 (HB)
035 ## - SYSTEM CONTROL NUMBER
System control number (BD-RjUL)78797
040 ## - CATALOGING SOURCE
Original cataloging agency BD-RjUL
Language of cataloging eng
Transcribing agency BD-RjUL
041 ## - LANGUAGE CODE
Language code of text/sound track or separate title eng
082 ## - DEWEY DECIMAL CLASSIFICATION NUMBER
Classification number 547.2
Edition number 23
Author mark and year GRP 1991
100 1# - MAIN ENTRY--PERSONAL NAME
Personal name Greene, Theodora W.
Fuller form of name (Theodora Whatmough),
Dates associated with a name 1931-2005
9 (RLIN) 208626
245 10 - TITLE STATEMENT
Title Protective groups in organic synthesis /
Statement of responsibility, etc. Theodora W. Greene and Peter G. M. Wuts
250 ## - EDITION STATEMENT
Edition statement 2nd ed.
260 ## - PUBLICATION, DISTRIBUTION, ETC. (IMPRINT)
Place of publication, distribution, etc. New York ;
Name of publisher, distributor, etc. Wiley,
Date of publication, distribution, etc. 1991
300 ## - PHYSICAL DESCRIPTION
Pagination xvi, 473 p. :
Illustrations ill. ;
Size 24 cm.
500 ## - GENERAL NOTE
General note "A Wiley-Interscience publication".
General note Includes bibliographical references and index.
650 #0 - SUBJECT ADDED ENTRY--TOPICAL TERM
Topical term or geographic name as entry element Organic compounds
General subdivision Synthesis.
9 (RLIN) 160554
Topical term or geographic name as entry element Protective groups (Chemistry).
9 (RLIN) 208627
700 ## - ADDED ENTRY--PERSONAL NAME
Personal name Wuts, Peter G. M. , jt. auth.
942 ## - ADDED ENTRY ELEMENTS (KOHA)
Source of classification or shelving scheme Dewey Decimal Classification
Koha item type Books
Holdings
Lost status Source of classification or shelving scheme Damaged status Not for loan Collection code Permanent Location Current Location Shelving location Date acquired Source of acquisition Cost, normal purchase price Total Checkouts Full call number Date last seen Copy number Koha item type
  Dewey Decimal Classification   Not For Loan Non-fiction Central Library, University of Rajshahi Central Library, University of Rajshahi Reading Room 08/04/1997 Syntex 3469.83   547.2 GRP 1991 10/10/2021 C-1 Books